Premier League Appearance Leaders - Statistics

General Stats
  • This quiz has been taken 36 times
  • The average score is 13 of 20
Answer Stats
# Team Pos. Player % Correct
609 Chelsea MF Frank Lampard
92%
504 Man. United DF Rio Ferdinand
92%
632 Man. United MF Ryan Giggs
92%
504 Liverpool MF Steven Gerrard
92%
499 Man. United MF Paul Scholes
88%
653 Aston Villa MF Gareth Barry
84%
492 Chelsea DF John Terry
80%
491 Man. United FW Wayne Rooney
80%
468 Stoke City FW Peter Crouch
76%
572 Liverpool GK David James
68%
508 Liverpool DF Jamie Carragher
64%
496 Tottenham Hotspur FW Jermain Defoe
60%
505 Man. United DF Phil Neville
60%
481 Man. United MF Michael Carrick
48%
619 Liverpool MF James Milner
44%
514 Middlesbrough GK Mark Schwarzer
44%
535 Newcastle United MF Gary Speed
40%
503 Tottenham Hotspur DF Sol Campbell
32%
469 Man. City DF Sylvain Distin
16%
516 Liverpool FW Emile Heskey
12%
No matching quizzes found
Score Distribution
Percent of People with Each Score
Percentile by Number Answered
Your Score History
You have not taken this quiz